000 00392nam a2200145Ia 4500
008 220216s9999 xx 000 0 und d
100 _aMagill J H
245 0 _aCrystallization and morphology of rubber (1995 reviews)
260 _bRubber Chemistry and Technology
_c1995
300 _a507-539
650 _a1995 reviews
650 _aCrystallization
650 _aMorphology
942 _cJS
999 _c56596
_d56596